Esbozo para una historia de la filosofía

Saved in:
Bibliographic Details
Main Author: Giannini Iñiguez, Humberto (autor)
Format: Book
Language:Spanish
Published: Santiago Vera y Giannini 1981
Edition:4a. ed
Subjects:
Tags: Add Tag
No Tags, Be the first to tag this record!

MARC

LEADER 00000nam a2200000 a 4500
001 UCK5198
003 CL-VaPUC
008 050715e19810000CL |||||||||||||||||spa|d
082 0 4 |a 109  |b GIA  |2 21 
100 |a Giannini Iñiguez, Humberto  |e autor  |9 582349 
245 1 0 |a Esbozo para una historia de la filosofía 
250 |a 4a. ed 
300 |a 295 p 
942 |c BK 
945 |d 20050715 00:00:00  |a cmena 
260 |a Santiago  |b Vera y Giannini  |c 1981 
650 0 |a Filosofía   |9 223554 
650 0 |a Historia de la filosofía  |9 256920 
650 0 |a Escuelas filosóficas   |9 266232 
583 |a last modification  |c 20050715 00:00:00  |k Rodrigo Vera 
999 |c 313832  |d 313830 
952 |0 0  |1 0  |4 0  |6 109_000000000000000_GIA_1981  |7 0  |8 A  |9 385484  |a BIBEDU  |b BIBEDU  |d 2019-11-22  |i 4147073  |o 109 GIA 1981  |p 4147073  |r 2019-11-22  |w 2019-11-22  |y BK  |k BME 
952 |0 0  |1 0  |4 0  |6 109_000000000000000_GIA_1981  |7 0  |8 A  |9 385485  |a FDOPOS  |b FDOPOS  |d 2019-11-22  |i 4270207  |o 109 GIA 1981  |p 4270207  |r 2025-01-22  |w 2019-11-22  |y BK  |k MLA